Sports Quiz

Random Sports or MLB Quiz

Twins with 200 Hit Seasons Quiz Stats

 Plays Quiz not verified by Sporcle

Support Sporcle.
Go Orange.
Score 0/30 Timer 07:00
0 Plays Today
Year Answer % Correct
1986Kirby Puckett
96%
1987Kirby Puckett
96%
1988Kirby Puckett
96%
1989Kirby Puckett
96%
1992Kirby Puckett
96%
1973Rod Carew
86.5%
1974Rod Carew
86.5%
1976Rod Carew
86.5%
1977Rod Carew
86.5%
1964Tony Oliva
55.8%
1970Tony Oliva
55.8%
1996Paul Molitor
36.4%
1920Sam Rice
25.1%
1924Sam Rice
25.1%
1925Sam Rice
25.1%
Year Answer % Correct
1927Sam Rice
25.1%
1928Sam Rice
25.1%
1930Sam Rice
25.1%
1925Goose Goslin
24.8%
1926Goose Goslin
24.8%
1930Joe Cronin
14.6%
1932Heinie Manush
14.2%
1933Heinie Manush
14.2%
1946Mickey Vernon
11.4%
1953Mickey Vernon
11.4%
1971Cesar Tovar
10.7%
1935Buddy Myer
5.9%
1941Cecil Travis
5.7%
1937Buddy Lewis
4.4%
1942Stan Spence
3%

You're not logged in!

Compare scores with friends on all Sporcle quizzes.
OR
Log In

From the Vault

Big 4 Consecutive MVP Awards

by tpacelle

Of course, the real trick would be to win consecutive MVP awards in two different sports.
Remove Ads.
Support Sporcle.
Get the best of Sporcle when you Go Orange. This ad-free experience offers more features, more stats, and more fun while also helping to support Sporcle. Thank you for becoming a member.

Show Comments

Extras

Top Quizzes Today


Score Distribution

Your Account Isn't Verified!

In order to create a playlist on Sporcle, you need to verify the email address you used during registration. Go to your Sporcle Settings to finish the process.

Report this User

Report this user for behavior that violates our Community Guidelines.

Details: